000
00309nam a22001337a 4500
008
230628b |||||||| |||| 00| 0 eng d
020
_a
9780330435550
082
_a
823.92
100
_a
TEJPAL, Tarun J.
245
_a
Alchemy of Desire
260
_a
London
_b
Picador
_c
2005
300
_a
518p
942
_2
ddc
_c
BK
999
_c
3158
_d
3158